000 00193 a2200097 4500
001 13898
100 _aBrett J M
245 _aDiecast
260 _aLondon
_bPan Books
_c
090 _c10866
_d10866
942 _aNUST-CAE
_cM
_c965
999 _c248971
_d248971